000 00362nam a2200133Ia 4500
005 20260326235459.0
008 260326s9999||||xx |||||||||||||| ||und||
100 _aMayer, Harold M.
245 0 _aChicago :
_b Growth of a Metropolis /
_cHarold M. Mayer
260 _bUniversity of Chicago Press
300 _a510 p.
650 _aARQUITECTURA REGIONAL
942 _cBK
999 _c8032
_d8032